| 000 | 00972nas a22002657a 4500 | ||
|---|---|---|---|
| 003 | OSt | ||
| 005 | 20170720105402.0 | ||
| 008 | 130910b2013 slv spa | ||
| 022 | _a2227-4235 | ||
| 040 | _cBMC | ||
| 082 | _a378.00772845 | ||
| 082 | _a378.72840014 | ||
| 082 | _a001.47284 | ||
| 110 | 2 |
_91064 _aUniversidad Católica de El Salvador |
|
| 245 | 1 | 0 |
_aAnuario de investigación 2013 _cUNICAES |
| 260 |
_aSanta Ana _bUNICAES, Dirección de Investigación _c2013 |
||
| 300 |
_a244 p. _bil. _c28 cm |
||
| 490 |
_aPublicaciones de la Dirección de Investigación _xISSN 2227-4235 _v2 |
||
| 500 | _aDatos tomados de la cub. | ||
| 610 | 2 | 4 |
_99278 _aUniversidad Católica de El Salvador _bDirección de Investigación _vAnuarios |
| 610 | 2 | 4 |
_98619 _aUniversidad Católica de El Salvador _xActividad científica |
| 650 | 2 | 4 |
_94874 _aInvestigación _zEl Salvador |
| 710 | 0 | 1 |
_99274 _aUniversidad Católica de El Salvador _bDirección de Investigación |
| 942 |
_2ddc _cPR |
||
| 999 |
_c3764 _d3764 |
||